| 000 | 00714nam a22002297a 4500 | ||
|---|---|---|---|
| 005 | 20170124110023.0 | ||
| 010 | _aA-387094 | ||
| 020 |
_c00.00 _a8171770037 |
||
| 035 | _aA-387094 | ||
| 037 | _bCen Lib/Ret | ||
| 040 |
_aDPL _bEN |
||
| 082 |
_a342.54 _bSUN |
||
| 100 |
_aSunder Raman _920123 |
||
| 245 |
_aConstitutional amendments in india / _cby Sunder Raman |
||
| 260 |
_aCalcutta _bEastern Law House _c1989 |
||
| 270 |
_bCalcutta _a54, ganesh chunder avenue _e700013 |
||
| 300 |
_a329p. _c21cm(Hb) |
||
| 500 | _aIncludes bibliographical references and index | ||
| 650 |
_aConstitution _zIndia _920124 |
||
| 650 |
_aDemocracy presuposes _920125 |
||
| 942 |
_2ddc _cEN _h342.54 _mSUN |
||
| 999 |
_c127316 _d127316 |
||